Art Of Landscape (Record no. 16604)

MARC details
000 -LEADER
fixed length control field 00378nam a2200157Ia 4500
008 - FIXED-LENGTH DATA ELEMENTS--GENERAL INFORMATION
fixed length control field 220803s9999 xx 000 0 und d
020 ## - INTERNATIONAL STANDARD BOOK NUMBER
International Standard Book Number 9788496263666
041 ## - LANGUAGE CODE
Language code of text/sound track or separate title eng
082 ## - DEWEY DECIMAL CLASSIFICATION NUMBER
Classification number 712 KRA
100 ## - MAIN ENTRY--PERSONAL NAME
Personal name Krauel J
9 (RLIN) 25894
245 ## - TITLE STATEMENT
Title Art Of Landscape
260 ## - PUBLICATION, DISTRIBUTION, ETC. (IMPRINT)
Place of publication, distribution, etc. Spain
Name of publisher, distributor, etc. Broto Carles
Date of publication, distribution, etc. 2006
300 ## - PHYSICAL DESCRIPTION
Extent 180p
500 ## - GENERAL NOTE
Keywords LANDS
650 ## - SUBJECT ADDED ENTRY--TOPICAL TERM
Topical term or geographic name as entry element Landscape Architecture
9 (RLIN) 25895
Holdings
Withdrawn status Lost status Damaged status Not for loan Collection code Home library Current library Date acquired Vendor Cost, normal purchase price Full call number Barcode Date last seen Cost, replacement price Bill Date Koha item type Original Barcode
        Book M arch LA Dr. Bhanuben Nanavati College of Architecture Dr. Bhanuben Nanavati College of Architecture 10/10/2017 Word Book 2124.39 712 KRA BNCA-BK-10354 03/08/2022 3268.30 09/10/2017 Reference book B10354